| 000 | 01898cam a22004577a 4500 | ||
|---|---|---|---|
| 001 | 14046526 | ||
| 003 | OSt | ||
| 005 | 20180116192417.0 | ||
| 008 | 050721s2004 gw a f bq 000 0 eng d | ||
| 010 | _a 2005299153 | ||
| 015 |
_aGBA462170 _2bnb |
||
| 016 | 7 |
_a012977432 _2Uk |
|
| 016 | 7 |
_a971293643 _2GyFmDB |
|
| 020 | _a3791331868 (hbk.) | ||
| 020 | _a9783791331867 | ||
| 035 | _a(OCoLC)ocm56654928 | ||
| 040 |
_aUKM _cUKM _dOHX _dTXH _dNGU _dPMC _dOCLCQ _dOCL _dDLC |
||
| 041 | 1 |
_aeng _hita |
|
| 042 | _alccopycat | ||
| 050 | 0 | 0 |
_aNA1353.B67 _bA4 2004 |
| 072 | 7 |
_aNA _2lcco |
|
| 082 | 0 | 4 |
_a720.9'7 _222 |
| 100 | 1 |
_aBotta, Mario, _d1943- _96896 |
|
| 240 | 1 | 0 |
_aMario Botta. _lEnglish |
| 245 | 1 | 0 |
_aMario Botta : _blight and gravity : architecture, 1993-2003 / _cedited by Gabriele Cappellato ; with contributions by Mario Botta ... [et al. ; translated from the Italian by Catherine Bolton]. |
| 246 | 3 | 0 | _aLight and gravity : architecture, 1993-2003 |
| 260 |
_aMunich ; _aLondon : _bPrestel, _c2004. |
||
| 300 |
_a267 p. : _bill. (some col.) ; _c28 cm. |
||
| 500 | _aOriginally published in Italy in 2003 as Mario Botta : luce e gravità : architetture 1993-2003. | ||
| 504 | _a"Essential filmography": p. 267. | ||
| 504 | _aIncludes bibliographical references (p. 264-266). | ||
| 505 | 2 | _aLight and gravity / Mario Botta -- "Bottiana" / Giuliano Gresleri -- Space, geometry and light / Lionello Puppi -- The drawings of Mario Botta / Heinrich Thelen. | |
| 600 | 1 | 0 |
_aBotta, Mario, _d1943- _96897 |
| 650 | 0 |
_aArchitecture, Modern _y20th century. _96898 |
|
| 650 | 0 |
_aArchitecture, Modern _y21st century. _96899 |
|
| 700 | 1 |
_aCappellato, Gabriele. _96900 |
|
| 906 |
_a7 _bcbc _ccopycat _d2 _encip _f20 _gy-gencatlg |
||
| 942 |
_2ddc _cBK |
||
| 999 |
_c353783 _d353783 |
||